00856 a2200217 450000500170000000800420001702000150005905000210007424501280009525000110022326000480023430000340028250400510031650400060036765000710037365000730044470000330051770000330055070000250058370000300060820250616141144.0 t nyud fr 00| 0 eng|du a019513198304aHD58.8bO74 200000aOrganizational change and innovation processes b : theory and methods for research c / Marshall Scott Poole,...[et al.]. a1a ed. aNew york :bOxford University Press, c2000 aviii, 406 p. :bil. ;c21 cm. aIncluye bibliografía : p. 383-399 e índice a  4aCambio orgnizacional xDesarrollo organizacionalxMetodologíaz  4aGerencia industrial xTransformaciones corporativasxInvestigación1 aPoole, Marshall Scotteautor1 aVan de Ven, Andrew H.eautor1 aDooley, Kevineautor1 aHolmes, Michael E.eautor